[Event "DEM U16w 2012"]
[Site "Oberhof GER"]
[Date "2012.05.31"]
[Round "7"]
[White "Schmalhorst, Sophia"]
[Black "Osmanodja, Filiz"]
[Result "0-1"]
[Termination "normal"]
[Board "1"]
[BlackTitle "FM"]
[WhiteElo "1866"]
[BlackElo "2160"]
[PlyCount "110"]
[WhiteFideId "24682497"]
[BlackFideId "24633569"]
[EventCountry "GER"]
[EventRounds "9"]
[EventType "swiss"]
[EventDate "2012.05.26"]

1. e4 d6 2. d4 Nf6 3. Nc3 e5 4. Nf3 Nbd7 5. Bc4 Be7 6. O-O O-O 7. h3 c6 8. Bb3
b5 9. dxe5 dxe5 10. Re1 Qc7 11. a4 b4 12. Nb1 Ba6 13. Nbd2 Nc5 14. Bc4 Bxc4 15.
Nxc4 Rad8 16. Qe2 Ncxe4 17. Nfxe5 Bc5 18. Be3 Rfe8 19. Bxc5 Nxc5 20. Qf3 Nd5
21. Ng4 Ne6 22. Nge3 Nd4 23. Qg4 Nf6 24. Qg5 h6 25. Qg3 Qxg3 26. fxg3 Nd5 27.
Rad1 Nb6 28. Nxb6 axb6 29. Kf2 Rd6 30. Kg1 Ne2+ 31. Kf2 Nxg3 32. Rxd6 Ne4+ 33.
Kf3 Nxd6 34. Rd1 Re6 35. Rd4 c5 36. Rd5 g5 37. a5 bxa5 38. Rxc5 Kh7 39. Rxa5
Rxe3+ 40. Kxe3 Nc4+ 41. Kd4 Nxa5 42. Kc5 b3 43. c4 Kg6 44. Kb4 Nc6+ 45. Kxb3
Kf5 46. Kc3 Ke5 47. b4 Nd4 48. b5 Ne6 49. g4 Kd6 50. Kd3 Nc5+ 51. Kd4 f6 52.
Ke3 Ke5 53. Kf3 Kd4 54. b6 Kxc4 55. Ke3 Kd5 0-1

[Event "DEM U16w 2012"]
[Site "Oberhof GER"]
[Date "2012.05.31"]
[Round "7"]
[White "Steimbach, Isabel"]
[Black "Berger, Nadja"]
[Result "0-1"]
[Termination "normal"]
[Board "2"]
[WhiteElo "1690"]
[BlackElo "1745"]
[PlyCount "96"]
[WhiteFideId "24692174"]
[BlackFideId "24692212"]
[EventCountry "GER"]
[EventRounds "9"]
[EventType "swiss"]
[EventDate "2012.05.26"]

1. e4 d5 2. exd5 Qxd5 3. Nc3 Qa5 4. d3 Nf6 5. Nf3 Bg4 6. h3 Bh5 7. g4 Bg6 8.
Nh4 e6 9. Nxg6 hxg6 10. Bg2 Nc6 11. Bxc6+ bxc6 12. Qf3 Qe5+ 13. Be3 Nd5 14.
O-O-O Rb8 15. d4 Qd6 16. Nxd5 cxd5 17. Bf4 Qa6 18. Qc3 Bd6 19. Bxd6 Qxd6 20.
Qg3 Qa6 21. Qa3 Qxa3 22. bxa3 Rb5 23. Rd3 c5 24. dxc5 Rxc5 25. Kb2 Kd7 26. Rb3
Kc6 27. Rg1 Rc8 28. Rgg3 Kd6 29. c3 e5 30. Re3 d4 31. cxd4 Rc2+ 32. Ka1 exd4
33. Red3 Rc1+ 34. Rb1 Rxb1+ 35. Kxb1 Kd5 36. Rb3 Rc7 37. f3 Ke5 38. Kb2 Kf4 39.
h4 Rd7 40. Rd3 Kg3 41. h5 gxh5 42. gxh5 Kh4 43. Kb3 Kxh5 44. Kc4 Kg5 45. Rxd4
Rxd4+ 46. Kxd4 Kf4 47. a4 g5 48. a5 Kxf3 0-1

[Event "DEM U16w 2012"]
[Site "Oberhof GER"]
[Date "2012.05.31"]
[Round "7"]
[White "Diederichs, Luise"]
[Black "Polert, Annika"]
[Result "1/2-1/2"]
[Termination "normal"]
[Board "3"]
[WhiteElo "1764"]
[BlackElo "1792"]
[PlyCount "52"]
[WhiteFideId "24661597"]
[BlackFideId "24692328"]
[EventCountry "GER"]
[EventRounds "9"]
[EventType "swiss"]
[EventDate "2012.05.26"]

1. d4 d5 2. c4 e6 3. Nc3 Be7 4. Nf3 Nf6 5. Bg5 O-O 6. cxd5 exd5 7. e3 c6 8. Bd3
Nbd7 9. O-O Re8 10. Qc2 h6 11. Bxf6 Nxf6 12. Rae1 Bd6 13. e4 dxe4 14. Nxe4 Nxe4
15. Rxe4 Rxe4 16. Bxe4 Be6 17. Rd1 Qd7 18. Ne5 Qc7 19. Nf3 Rd8 20. b3 Qa5 21.
h3 Bf4 22. Qe2 Qh5 23. Bc2 Bf5 24. g4 Bxg4 25. hxg4 Qxg4+ 26. Kh1 Qh3+ 1/2-1/2

[Event "DEM U16w 2012"]
[Site "Oberhof GER"]
[Date "2012.05.31"]
[Round "7"]
[White "Winterholler, Christina"]
[Black "Siegl, Melina"]
[Result "1/2-1/2"]
[Termination "normal"]
[Board "4"]
[WhiteElo "1822"]
[BlackElo "1771"]
[PlyCount "76"]
[WhiteFideId "24652105"]
[BlackFideId "1272126"]
[EventCountry "GER"]
[EventRounds "9"]
[EventType "swiss"]
[EventDate "2012.05.26"]

1. e4 c5 2. Nf3 e6 3. d3 d5 4. Qe2 Be7 5. g3 Nc6 6. c3 b6 7. Bg2 Bb7 8. O-O Nf6
9. Re1 h6 10. h4 Ba6 11. exd5 Nxd5 12. a3 Rc8 13. Nbd2 Nf6 14. Nc4 Bxc4 15.
dxc4 Bd6 16. Bd2 Qc7 17. Rad1 O-O 18. Nh2 Rcd8 19. Bxh6 gxh6 20. Qf3 Nd7 21.
Qxc6 Qxc6 22. Bxc6 Ne5 23. Bb5 Bc7 24. f4 Nd3 25. Re2 Nxf4 26. Red2 Ne2+ 27.
Kg2 Rxd2 28. Rxd2 Nxg3 29. Rd7 Bb8 30. Ng4 h5 31. Nf2 Kg7 32. Bc6 Nf5 33. Kh3
Ne3 34. b3 Rg8 35. Ne4 Kg6 36. Ng5 Rf8 37. Rxf7 Rxf7 38. Be8 Kh6 1/2-1/2

[Event "DEM U16w 2012"]
[Site "Oberhof GER"]
[Date "2012.05.31"]
[Round "7"]
[White "Liez, Franziska"]
[Black "Kuckling, Hannah"]
[Result "0-1"]
[Termination "normal"]
[Board "5"]
[WhiteElo "1957"]
[BlackElo "1821"]
[PlyCount "76"]
[WhiteFideId "1271766"]
[BlackFideId "24603660"]
[EventCountry "GER"]
[EventRounds "9"]
[EventType "swiss"]
[EventDate "2012.05.26"]

1. e4 c5 2. Nf3 e6 3. d4 cxd4 4. Nxd4 Nc6 5. Nc3 Qc7 6. g3 a6 7. Bg2 b5 8. O-O
Bb7 9. Re1 Nf6 10. e5 b4 11. Na4 Nxd4 12. Bxb7 Qxb7 13. Qxd4 Nd5 14. b3 Rc8 15.
Re2 Qb5 16. Qd2 Be7 17. Nb2 O-O 18. Nc4 f5 19. Bb2 Qc6 20. Rae1 f4 21. Re4 fxg3
22. hxg3 Rf5 23. Rg4 Rh5 24. Ree4 Rf8 25. Qe2 Bc5 26. Rxg7+ Kxg7 27. Qg4+ Kh8
28. Qxh5 Bxf2+ 29. Kh2 Nf6 30. exf6 Qxe4 31. f7+ Bd4 32. Bxd4+ Qxd4 33. Qf3 Kg7
34. Qh5 Qf2+ 35. Kh3 Qf5+ 36. Qxf5 exf5 37. Ne5 Rxf7 38. Kg2 Re7 0-1

[Event "DEM U16w 2012"]
[Site "Oberhof GER"]
[Date "2012.05.31"]
[Round "7"]
[White "Mehling, Katharina"]
[Black "Stoll, Katja"]
[Result "1-0"]
[Termination "normal"]
[Board "6"]
[WhiteElo "1714"]
[BlackElo "1645"]
[PlyCount "103"]
[WhiteFideId "12900362"]
[BlackFideId "1271730"]
[EventCountry "GER"]
[EventRounds "9"]
[EventType "swiss"]
[EventDate "2012.05.26"]

1. e4 e5 2. f4 exf4 3. Nf3 g5 4. Bc4 Bg7 5. d4 d6 6. O-O Nc6 7. c3 h6 8. g3 Bh3
9. Rf2 fxg3 10. hxg3 f6 11. Ne5 Nxe5 12. Qh5+ Kf8 13. dxe5 Qd7 14. Bxg8 dxe5
15. Rd2 Bg4 16. Rxd7 Bxh5 17. Be6 Re8 18. Bf5 Re7 19. Rd8+ Re8 20. Rxe8+ Kxe8
21. Be3 Ke7 22. Nd2 Rd8 23. Kf2 b6 24. Nf3 Bf7 25. Ke2 Bc4+ 26. Kf2 Kf7 27. b3
Be6 28. Bxe6+ Kxe6 29. Ke2 f5 30. exf5+ Kxf5 31. Nh2 e4 32. g4+ Ke6 33. Rc1 Rd3
34. c4 Be5 35. Nf1 Bf4 36. Rd1 Rxd1 37. Kxd1 c5 38. Ke2 Bd6 39. Nd2 Ke5 40. Bg1
Ke6 41. Nxe4 Be5 42. Kf3 Kf7 43. Bf2 Kg6 44. Bg3 Bxg3 45. Nxg3 Kf6 46. Ke4 Ke6
47. Nf5 a6 48. a4 Kf6 49. Nxh6 Ke6 50. Nf5 Kd7 51. Kd5 Kc7 52. Nh6 1-0

[Event "DEM U16w 2012"]
[Site "Oberhof GER"]
[Date "2012.05.31"]
[Round "7"]
[White "Herbrig, Marie-Helen"]
[Black "Tettmann, Ann-Kathrin"]
[Result "0-1"]
[Termination "normal"]
[Board "7"]
[WhiteElo "1646"]
[BlackElo "1622"]
[PlyCount "108"]
[WhiteFideId "12900427"]
[BlackFideId "12945676"]
[EventCountry "GER"]
[EventRounds "9"]
[EventType "swiss"]
[EventDate "2012.05.26"]

1. e4 c5 2. Nf3 a6 3. d4 cxd4 4. Nxd4 e5 5. Nb3 Nf6 6. Bd3 Nc6 7. Nc3 Bb4 8.
Bd2 O-O 9. O-O Bxc3 10. Bxc3 d5 11. exd5 Nxd5 12. Bd2 Re8 13. Re1 f5 14. Qh5
Nf6 15. Qh4 Be6 16. Bc3 Nd7 17. Qh3 e4 18. Qg3 Qe7 19. Be2 Rac8 20. Rad1 b5 21.
a3 Qf7 22. Qh4 Nde5 23. Qf4 Ng6 24. Qc1 Bxb3 25. cxb3 Qxb3 26. Rd7 Nce5 27. Ra7
Qe6 28. Bh5 Re7 29. Rxe7 Nxe7 30. Qg5 h6 31. Qg3 N5g6 32. Qe3 Nd5 33. Qd4 Nxc3
34. bxc3 Ne5 35. h3 Rc4 36. Qe3 Kh7 37. Rd1 Qf6 38. Be2 Rc7 39. Qd2 f4 40. Qc2
Qg6 41. Bf1 f3 42. Kh1 fxg2+ 43. Bxg2 Nd3 44. Rg1 Qf5 45. Rf1 Rf7 46. Kg1 Rf6
47. Qd2 Rg6 48. Kh1 Rxg2 49. Qe3 Rg6 50. Kh2 Ne5 51. f4 Nf3+ 52. Rxf3 exf3 53.
Qxf3 Qc2+ 54. Kh1 Qc1+ 0-1

[Event "DEM U16w 2012"]
[Site "Oberhof GER"]
[Date "2012.05.31"]
[Round "7"]
[White "Schäfer, Annabelle"]
[Black "Michels, Kim"]
[Result "1-0"]
[Termination "normal"]
[Board "8"]
[WhiteElo "1803"]
[BlackElo "1647"]
[PlyCount "79"]
[WhiteFideId "12917729"]
[BlackFideId "24690066"]
[EventCountry "GER"]
[EventRounds "9"]
[EventType "swiss"]
[EventDate "2012.05.26"]

1. e4 c5 2. Nf3 Nc6 3. d4 cxd4 4. Nxd4 g6 5. c4 Bg7 6. Be3 Nf6 7. Nc3 O-O 8.
Be2 d6 9. O-O Bd7 10. Rc1 Nxd4 11. Bxd4 Bc6 12. f3 a5 13. b3 Nd7 14. Be3 Nc5
15. Qd2 Qb6 16. Nb5 Bxb5 17. cxb5 Rfc8 18. Bc4 Qd8 19. a4 b6 20. Rfd1 Qf8 21.
Kh1 Ra7 22. g3 Rac7 23. Qa2 Bh6 24. f4 e6 25. Bd3 Nxd3 26. Rxc7 Rxc7 27. Rxd3
Qa8 28. Qg2 Qa7 29. Rxd6 Rd7 30. Qd2 Rb7 31. Rd8+ Kg7 32. Qd4+ f6 33. Qd6 Rf7
34. Qxb6 Qxb6 35. Bxb6 g5 36. fxg5 fxg5 37. Bd4+ Kg6 38. Kg2 g4 39. Rd6 Re7 40.
Bc3 1-0

[Event "DEM U16w 2012"]
[Site "Oberhof GER"]
[Date "2012.05.31"]
[Round "7"]
[White "Brock, Sharlena"]
[Black "Lagunow, Elina"]
[Result "1/2-1/2"]
[Termination "normal"]
[Board "9"]
[WhiteElo "1420"]
[BlackElo "1748"]
[PlyCount "49"]
[WhiteFideId "12951935"]
[BlackFideId "4673387"]
[EventCountry "GER"]
[EventRounds "9"]
[EventType "swiss"]
[EventDate "2012.05.26"]

1. e4 c5 2. c3 Nf6 3. e5 Nd5 4. d4 cxd4 5. Nf3 Nc6 6. cxd4 d6 7. Bc4 Nb6 8. Bb5
Bd7 9. exd6 e6 10. Nc3 Bxd6 11. O-O a6 12. Bd3 O-O 13. Bxh7+ Kxh7 14. Ng5+ Kg6
15. Nce4 Bc7 16. Ng3 Rh8 17. Re1 f6 18. Qd3+ f5 19. Nxe6 Bxe6 20. Rxe6+ Kf7 21.
Qxf5+ Kg8 22. Be3 Nxd4 23. Bxd4 Qxd4 24. Rae1 Rf8 25. Re8 1/2-1/2

[Event "DEM U16w 2012"]
[Site "Oberhof GER"]
[Date "2012.05.31"]
[Round "7"]
[White "Tobianski, Karina"]
[Black "Eue, Vicky"]
[Result "0-1"]
[Termination "normal"]
[Board "10"]
[WhiteElo "1341"]
[BlackElo "1586"]
[PlyCount "122"]
[WhiteFideId "12937746"]
[BlackFideId "12945838"]
[EventCountry "GER"]
[EventRounds "9"]
[EventType "swiss"]
[EventDate "2012.05.26"]

1. e4 e6 2. Nf3 d5 3. e5 c5 4. b4 cxb4 5. a3 Nc6 6. axb4 Bxb4 7. c3 Be7 8. d4
f6 9. Bd3 Qc7 10. Qe2 fxe5 11. dxe5 Bd7 12. O-O Bc5 13. Ng5 Qxe5 14. Qh5+ Ke7
15. Qf7+ Kd8 16. Nf3 Be8 17. Nxe5 Bxf7 18. Nxf7+ Ke7 19. Nxh8 Nf6 20. Ng6+ hxg6
21. Bxg6 a5 22. Ba3 Kd6 23. Re1 e5 24. Bc2 b5 25. Bxc5+ Kxc5 26. Nd2 a4 27.
Reb1 Rb8 28. Ra2 Nd7 29. f3 Nb6 30. Rab2 Nd7 31. Bd3 b4 32. cxb4+ Nxb4 33. Be2
a3 34. Rb3 a2 35. Rc1+ Kd6 36. Ra3 Nc5 37. Kf1 d4 38. Ne4+ Nxe4 39. fxe4 Rf8+
40. Rf3 Ra8 41. Kf2 a1=Q 42. Rxa1 Rxa1 43. Rf7 d3 44. Bg4 Ra2+ 45. Ke3 Rxg2 46.
h3 d2 47. Rd7+ Kc5 48. Rxd2 Rxd2 49. Kxd2 Kd4 50. Bf3 Na2 51. Ke2 Nc3+ 52. Kf2
Nxe4+ 53. Ke2 Ng5 54. Bg4 e4 55. h4 Nf7 56. h5 Ne5 57. Bf5 Nd3 58. Bg6 Nf4+ 59.
Kf2 Nxg6 60. hxg6 Kd3 61. Ke1 Ke3 0-1

[Event "DEM U16w 2012"]
[Site "Oberhof GER"]
[Date "2012.05.31"]
[Round "7"]
[White "Lehmann, Patricia"]
[Black "Wulf, Constanze"]
[Result "1-0"]
[Termination "normal"]
[Board "11"]
[WhiteElo "1671"]
[BlackElo "1473"]
[PlyCount "105"]
[WhiteFideId "12900060"]
[BlackFideId "24692379"]
[EventCountry "GER"]
[EventRounds "9"]
[EventType "swiss"]
[EventDate "2012.05.26"]

1. d4 Nf6 2. Nf3 g6 3. c4 Bg7 4. Nc3 O-O 5. e4 d6 6. Be2 Bg4 7. O-O Nbd7 8. Be3
Bxf3 9. Bxf3 e5 10. d5 a6 11. b4 Qe7 12. Rc1 Ne8 13. Be2 f5 14. f3 fxe4 15.
fxe4 Rxf1+ 16. Qxf1 b6 17. c5 dxc5 18. bxc5 Nxc5 19. Qf2 Nb7 20. Qf1 b5 21. a4
b4 22. Nb1 a5 23. Bb5 Nd8 24. Bc5 Nd6 25. Nd2 Bh6 26. Rd1 Bxd2 27. Rxd2 Qf7 28.
Rf2 Qg7 29. Rf6 N8f7 30. Bd3 Rd8 31. Be3 Nf5 32. Rxf7 Qxf7 33. exf5 gxf5 34.
Bxf5 Qxd5 35. Bg4 Rf8 36. Qe2 Qb3 37. Bc1 Qc3 38. Be6+ Kh8 39. Bb2 Qc5+ 40. Kh1
Rf6 41. Qxe5 Qxe5 42. Bxe5 Kg7 43. Bxf6+ Kxf6 44. Bg8 h6 45. g4 Ke5 46. Kg2 c5
47. h4 Kd4 48. g5 hxg5 49. hxg5 c4 50. g6 b3 51. g7 Kc3 52. Bh7 Kb4 53. g8=Q
1-0

[Event "DEM U16w 2012"]
[Site "Oberhof GER"]
[Date "2012.05.31"]
[Round "7"]
[White "Burgardt, Sabrina"]
[Black "Spiegelberg, Silvia"]
[Result "0-1"]
[Termination "normal"]
[Board "12"]
[WhiteElo "1281"]
[BlackElo "1903"]
[PlyCount "56"]
[WhiteFideId "12951943"]
[BlackFideId "24654450"]
[EventCountry "GER"]
[EventRounds "9"]
[EventType "swiss"]
[EventDate "2012.05.26"]

1. e4 e5 2. Nf3 Nc6 3. Bb5 a6 4. Bxc6 dxc6 5. d3 Bd6 6. O-O Nf6 7. b3 Bg4 8.
Nbd2 Qe7 9. h3 Bh5 10. Bb2 O-O-O 11. Qc1 h6 12. a4 g5 13. Nh2 Rhg8 14. g4 Bg6
15. Ba3 h5 16. f3 hxg4 17. fxg4 Rh8 18. Kg2 Ne8 19. Nc4 Ng7 20. Bxd6 cxd6 21.
Nb6+ Kc7 22. a5 Ne6 23. c4 Nf4+ 24. Rxf4 exf4 25. b4 Bxe4+ 26. Kf2 Rxh3 27.
dxe4 Rxh2+ 28. Kg1 Qxe4 0-1

[Event "DEM U16w 2012"]
[Site "Oberhof GER"]
[Date "2012.06.01"]
[Round "8"]
[White "Kuckling, Hannah"]
[Black "Osmanodja, Filiz"]
[Result "0-1"]
[Termination "normal"]
[Board "1"]
[BlackTitle "FM"]
[WhiteElo "1821"]
[BlackElo "2160"]
[PlyCount "56"]
[WhiteFideId "24603660"]
[BlackFideId "24633569"]
[EventCountry "GER"]
[EventRounds "9"]
[EventType "swiss"]
[EventDate "2012.05.26"]

1. e4 d6 2. d4 Nf6 3. Nc3 e5 4. Nf3 Nbd7 5. g3 Be7 6. Bg2 c6 7. O-O O-O 8. Re1
b5 9. a3 a5 10. b3 Qc7 11. Bb2 Nb6 12. Qe2 Ba6 13. Qd2 Nfd7 14. Rad1 Rfd8 15.
h4 b4 16. Ne2 c5 17. dxe5 dxe5 18. c4 a4 19. bxa4 Nxc4 20. Qc1 Ndb6 21. axb4
Rxd1 22. Rxd1 Nxb2 23. Qxb2 Nxa4 24. Qc2 Bxe2 25. Qxe2 Nc3 26. Qc2 Nxd1 27.
Qxd1 cxb4 28. Qb1 Qc3 0-1

[Event "DEM U16w 2012"]
[Site "Oberhof GER"]
[Date "2012.06.01"]
[Round "8"]
[White "Berger, Nadja"]
[Black "Mehling, Katharina"]
[Result "1-0"]
[Termination "normal"]
[Board "2"]
[WhiteElo "1745"]
[BlackElo "1714"]
[PlyCount "33"]
[WhiteFideId "24692212"]
[BlackFideId "12900362"]
[EventCountry "GER"]
[EventRounds "9"]
[EventType "swiss"]
[EventDate "2012.05.26"]

1. e4 e5 2. d4 exd4 3. Nf3 Nc6 4. Nxd4 Nf6 5. Nxc6 bxc6 6. Bd3 Bb7 7. O-O Bc5
8. Bg5 d6 9. Re1 O-O 10. c3 Re8 11. Nd2 Qe7 12. Qf3 Kh8 13. e5 dxe5 14. Ne4
Bxf2+ 15. Kxf2 c5 16. Bxf6 Bxe4 17. Bxe4 1-0

[Event "DEM U16w 2012"]
[Site "Oberhof GER"]
[Date "2012.06.01"]
[Round "8"]
[White "Siegl, Melina"]
[Black "Schmalhorst, Sophia"]
[Result "1/2-1/2"]
[Termination "normal"]
[Board "3"]
[WhiteElo "1771"]
[BlackElo "1866"]
[PlyCount "69"]
[WhiteFideId "1272126"]
[BlackFideId "24682497"]
[EventCountry "GER"]
[EventRounds "9"]
[EventType "swiss"]
[EventDate "2012.05.26"]

1. e4 c5 2. Nf3 e6 3. d3 d6 4. g3 Ne7 5. Bg2 g6 6. Nbd2 Bg7 7. Qe2 Nbc6 8. c3
O-O 9. h4 h5 10. Nb3 Na5 11. Nxa5 Qxa5 12. O-O Rb8 13. e5 dxe5 14. Nxe5 f6 15.
Nf3 Qc7 16. d4 cxd4 17. Nxd4 e5 18. Nb5 Qa5 19. Be3 a6 20. Nd6 Qc7 21. Rfd1 Bg4
22. Bf3 Bxf3 23. Qxf3 Rfd8 24. Ne4 Qc6 25. Rd2 Rxd2 26. Nxd2 Nd5 27. Nb3 Nxe3
28. Qxe3 Rd8 29. Qc5 Qf3 30. Qc4+ Qd5 31. Qc5 Qf3 32. Qc4+ Kh7 33. Qf7 Qd5 34.
Qc7 Rd7 35. Qb6 1/2-1/2

[Event "DEM U16w 2012"]
[Site "Oberhof GER"]
[Date "2012.06.01"]
[Round "8"]
[White "Diederichs, Luise"]
[Black "Schäfer, Annabelle"]
[Result "1/2-1/2"]
[Termination "normal"]
[Board "4"]
[WhiteElo "1764"]
[BlackElo "1803"]
[PlyCount "71"]
[WhiteFideId "24661597"]
[BlackFideId "12917729"]
[EventCountry "GER"]
[EventRounds "9"]
[EventType "swiss"]
[EventDate "2012.05.26"]

1. f4 d5 2. g3 c6 3. Nf3 Nf6 4. Bg2 Bg4 5. O-O e6 6. d3 Bd6 7. Qe1 Nbd7 8. c3
e5 9. fxe5 Nxe5 10. Nxe5 Bxe5 11. d4 Bd6 12. Bg5 Be7 13. Nd2 O-O 14. e4 dxe4
15. Nxe4 Nxe4 16. Bxe7 Qxe7 17. Qxe4 Qxe4 18. Bxe4 Rae8 19. Rfe1 Be6 20. Bg2 f6
21. a3 Kf7 22. Kf2 Bc4 23. Bf3 g6 24. Rad1 Bb3 25. Rc1 Bc4 26. Rcd1 Bb3 27. Rc1
Bc4 28. Rcd1 Rxe1 29. Rxe1 Rd8 30. Re3 Bd5 31. Bxd5+ Rxd5 32. Re4 Rb5 33. Re2
Rd5 34. Re4 Rb5 35. Re2 Rd5 36. Re4 1/2-1/2

[Event "DEM U16w 2012"]
[Site "Oberhof GER"]
[Date "2012.06.01"]
[Round "8"]
[White "Polert, Annika"]
[Black "Winterholler, Christina"]
[Result "0-1"]
[Termination "normal"]
[Board "5"]
[WhiteElo "1792"]
[BlackElo "1822"]
[PlyCount "78"]
[WhiteFideId "24692328"]
[BlackFideId "24652105"]
[EventCountry "GER"]
[EventRounds "9"]
[EventType "swiss"]
[EventDate "2012.05.26"]

1. g3 e5 2. Bg2 Nf6 3. d3 h6 4. Nf3 Nc6 5. c3 d6 6. Nbd2 Be6 7. O-O Qd7 8. b4
Be7 9. b5 Nd8 10. c4 Bh3 11. Bb2 Bxg2 12. Kxg2 Ne6 13. a4 h5 14. h4 Nh7 15. d4
exd4 16. Nb3 g5 17. Rh1 Rg8 18. Nbxd4 gxh4 19. Nxh4 Nf6 20. Ndf5 Ng4 21. Nxe7
Qxe7 22. Qd2 Nc5 23. Qf4 O-O-O 24. Bd4 Qxe2 25. Bxc5 dxc5 26. Rhe1 Qc2 27. Rac1
Qd2 28. Qf5+ Kb8 29. Qxc5 Rd3 30. Nf5 h4 31. Rf1 hxg3 32. Rcd1 Ne3+ 33. Qxe3
gxf2+ 34. Kh2 Qxe3 35. Nxe3 Rxe3 36. Rxf2 Ra3 37. Rxf7 Rxa4 38. Rdd7 Rxc4 39.
Rg7 Rf8 0-1

[Event "DEM U16w 2012"]
[Site "Oberhof GER"]
[Date "2012.06.01"]
[Round "8"]
[White "Tettmann, Ann-Kathrin"]
[Black "Steimbach, Isabel"]
[Result "1-0"]
[Termination "normal"]
[Board "6"]
[WhiteElo "1622"]
[BlackElo "1690"]
[PlyCount "81"]
[WhiteFideId "12945676"]
[BlackFideId "24692174"]
[EventCountry "GER"]
[EventRounds "9"]
[EventType "swiss"]
[EventDate "2012.05.26"]

1. d4 d5 2. c4 e6 3. Nf3 Nf6 4. g3 Be7 5. Bg2 O-O 6. O-O b6 7. Nc3 Bb7 8. Ne5
Nbd7 9. Qa4 Nxe5 10. dxe5 Ng4 11. cxd5 Nxe5 12. d6 Bxg2 13. dxe7 Qxe7 14. Kxg2
c5 15. Rd1 a6 16. Bf4 b5 17. Qe4 Nc4 18. b3 f5 19. Qf3 e5 20. bxc4 exf4 21.
Qxf4 b4 22. Na4 g5 23. Qd2 Rad8 24. Qc2 f4 25. Rxd8 Rxd8 26. Qf5 fxg3 27. hxg3
Rf8 28. Qxc5 Qxe2 29. Qxg5+ Kh8 30. Qc5 Kg8 31. Qd5+ Kh8 32. Qd4+ Kg8 33. c5 a5
34. Nb6 Rf7 35. Qe3 Qb2 36. Rd1 Qf6 37. Rd6 Qf5 38. Rd8+ Kg7 39. Qd4+ Rf6 40.
Nd5 Qf3+ 41. Kg1 1-0

[Event "DEM U16w 2012"]
[Site "Oberhof GER"]
[Date "2012.06.01"]
[Round "8"]
[White "Eue, Vicky"]
[Black "Liez, Franziska"]
[Result "1/2-1/2"]
[Termination "normal"]
[Board "7"]
[WhiteElo "1586"]
[BlackElo "1957"]
[PlyCount "64"]
[WhiteFideId "12945838"]
[BlackFideId "1271766"]
[EventCountry "GER"]
[EventRounds "9"]
[EventType "swiss"]
[EventDate "2012.05.26"]

1. e4 e5 2. Nf3 Nc6 3. Bb5 a6 4. Ba4 Nf6 5. O-O b5 6. Bb3 Nxe4 7. Re1 d5 8. d3
Nc5 9. Nxe5 Ne7 10. Nc6 Qd6 11. Nxe7 Bxe7 12. Qe2 Nxb3 13. axb3 Be6 14. Nc3 O-O
15. Qf3 Bf6 16. Bf4 Qd7 17. Be5 Bg5 18. Qg3 f6 19. Bxc7 Bf7 20. Qd6 Qxd6 21.
Bxd6 Rfc8 22. Re2 Bh5 23. f3 Bf7 24. Re7 d4 25. Ne2 Be3+ 26. Rxe3 dxe3 27. c4
bxc4 28. bxc4 Rd8 29. c5 Be8 30. b4 Bb5 31. Nf4 Kf7 32. Re1 Re8 1/2-1/2

[Event "DEM U16w 2012"]
[Site "Oberhof GER"]
[Date "2012.06.01"]
[Round "8"]
[White "Spiegelberg, Silvia"]
[Black "Lagunow, Elina"]
[Result "0-1"]
[Termination "normal"]
[Board "8"]
[WhiteElo "1903"]
[BlackElo "1748"]
[PlyCount "108"]
[WhiteFideId "24654450"]
[BlackFideId "4673387"]
[EventCountry "GER"]
[EventRounds "9"]
[EventType "swiss"]
[EventDate "2012.05.26"]

1. e4 c5 2. Nf3 Nc6 3. d4 cxd4 4. Nxd4 g6 5. Nc3 Bg7 6. Be3 Nf6 7. Bc4 Qa5 8.
O-O O-O 9. Bb3 d6 10. f3 Bd7 11. Qd2 Rac8 12. Nxc6 Bxc6 13. Nd5 Qd8 14. c3 b6
15. Bg5 Bxd5 16. exd5 b5 17. Rfe1 Re8 18. Kh1 a6 19. Re2 Nd7 20. Rae1 Bf6 21.
Bxf6 Nxf6 22. Re3 Rc5 23. f4 Qd7 24. Qd4 Ng4 25. R3e2 Nh6 26. Qe4 Nf5 27. Qf3
Ng7 28. Re4 e6 29. Qe2 Kf8 30. dxe6 fxe6 31. Bxe6 Nxe6 32. Rxe6 Qxe6 33. Qxe6
Rxe6 34. Rxe6 Rd5 35. h3 Rd2 36. b4 Kf7 37. Re3 Rxa2 38. Kh2 Rc2 39. Kg3 d5 40.
Kf3 d4 41. cxd4 Rc4 42. Ke4 Rxb4 43. Rc3 Rc4 44. Ra3 Ra4 45. Rb3 b4 46. Kd5 a5
47. Kc5 Ra3 48. Rb1 b3 49. d5 a4 50. d6 Ke8 51. Re1+ Kd8 52. Kc6 b2 53. d7 Rc3+
54. Kd6 Rd3+ 0-1

[Event "DEM U16w 2012"]
[Site "Oberhof GER"]
[Date "2012.06.01"]
[Round "8"]
[White "Wulf, Constanze"]
[Black "Herbrig, Marie-Helen"]
[Result "1-0"]
[Termination "normal"]
[Board "9"]
[WhiteElo "1473"]
[BlackElo "1646"]
[PlyCount "101"]
[WhiteFideId "24692379"]
[BlackFideId "12900427"]
[EventCountry "GER"]
[EventRounds "9"]
[EventType "swiss"]
[EventDate "2012.05.26"]

1. d4 Nf6 2. c4 e6 3. Nf3 Bb4+ 4. Bd2 Qe7 5. a3 Bxd2+ 6. Nbxd2 b6 7. e3 Bb7 8.
Be2 O-O 9. Qc2 c5 10. O-O d5 11. dxc5 Qxc5 12. b4 Qe7 13. cxd5 Bxd5 14. Nd4
Nbd7 15. Bf3 Rac8 16. Qb2 Qd6 17. Nb5 Qb8 18. Bxd5 Nxd5 19. Nf3 Rfd8 20. Rac1
a6 21. Nbd4 Qd6 22. Ne2 N7f6 23. Rfd1 Qe7 24. Ne5 Qb7 25. Nc3 Ne7 26. Rxd8+
Rxd8 27. Qc2 Nf5 28. Ne2 Nh4 29. Nc6 Rf8 30. f3 Ng6 31. Ncd4 Qd5 32. Qc4 Qb7
33. Qc6 Qb8 34. Qc7 Qxc7 35. Rxc7 Nd5 36. Ra7 Nxe3 37. Rxa6 Nd5 38. Kf2 Rc8 39.
g3 h6 40. f4 Nge7 41. Ke1 g5 42. Kd2 Kg7 43. b5 Kg6 44. a4 Rc7 45. a5 Nc8 46.
axb6 Ncxb6 47. Nc6 Nc4+ 48. Kd3 Nd6 49. Ne5+ Kf5 50. Rxd6 f6 51. Nd4# 1-0

[Event "DEM U16w 2012"]
[Site "Oberhof GER"]
[Date "2012.06.01"]
[Round "8"]
[White "Stoll, Katja"]
[Black "Burgardt, Sabrina"]
[Result "1/2-1/2"]
[Termination "normal"]
[Board "10"]
[WhiteElo "1645"]
[BlackElo "1281"]
[PlyCount "192"]
[WhiteFideId "1271730"]
[BlackFideId "12951943"]
[EventCountry "GER"]
[EventRounds "9"]
[EventType "swiss"]
[EventDate "2012.05.26"]

1. e4 c5 2. Nf3 Nc6 3. d4 cxd4 4. Nxd4 e6 5. Nb5 a6 6. Nd6+ Bxd6 7. Qxd6 Qe7 8.
Qd1 Nf6 9. Nc3 h6 10. a3 b5 11. Bf4 e5 12. Be3 O-O 13. Be2 d6 14. O-O Bb7 15.
f3 Rfd8 16. Qd2 Qc7 17. Rad1 Ne7 18. Bd3 d5 19. exd5 Nfxd5 20. Nxd5 Rxd5 21.
Qf2 Qd7 22. Qg3 Qe6 23. f4 e4 24. Be2 Rxd1 25. Rxd1 Nf5 26. Qf2 Nxe3 27. Qxe3
Qc6 28. c3 Qe6 29. Rd2 f5 30. Rd4 Qa2 31. Rd7 Bd5 32. Qd2 Bf7 33. Re7 Qd5 34.
Qxd5 Bxd5 35. Re5 Bb3 36. Rxf5 Rd8 37. Re5 Bc2 38. Bh5 Rd3 39. f5 Rd8 40. Re8+
Rxe8 41. Bxe8 Kf8 42. Bc6 Ke7 43. Kf2 Kf6 44. Bd7 Bd3 45. Ke3 a5 46. h4 a4 47.
Be6 Ke5 48. g4 Kf6 49. b3 Ke5 50. bxa4 bxa4 51. Bd7 Bc2 52. g5 h5 53. c4 Bb3
54. Be6 g6 55. Bf7 Kxf5 56. Kd4 Kg4 57. Bxg6 Kxh4 58. Bxe4 Kxg5 59. c5 Be6 60.
Ke5 Bc8 61. Kd6 Kf4 62. Bh1 Ke3 63. Bc6 Kd3 64. Bxa4 Kc4 65. Bc6 Kb3 66. a4 Kb4
67. Bb5 h4 68. c6 h3 69. c7 h2 70. Bc6 h1=Q 71. Bxh1 Kxa4 72. Kc6 Ka5 73. Bd5
Ka6 74. Kd6 Kb6 75. Bc6 Ka5 76. Bd7 Bb7 77. Bf5 Kb6 78. Kd7 Ba6 79. Kd8 Ka7 80.
Bc8 Bd3 81. Ke7 Kb6 82. Kd6 Ka7 83. Kc6 Be2 84. Be6 Ba6 85. Kd7 Kb6 86. Bc4 Bb7
87. Bd5 Ba6 88. Bc6 Ka7 89. Be4 Kb6 90. Bf5 Ka7 91. Kc6 Bb7+ 92. Kc5 Ka6 93.
Be4 Bc8 94. Bd3+ Kb7 95. Kd6 Kb6 96. Be4 Bg4 1/2-1/2